Normal view MARC view
  • Estudiantes

Entry Materia

Number of records used in: 23

001 - NÚMERO DE CONTROL DEL REGISTRO

  • campo de control: 18029

003 - IDENTIFICADOR DE NUMERO DE CONTROL

  • campo de control: MX-MxUPN

005 - FECHA Y HORA DE LA ÚLTIMA TRANSACCIÓN

  • campo de control: 20230523191336.0

008 - DATOS DE LONGITUD FIJA

  • campo de control de longitud fija: 230523dn fcannbaba n ana |d

035 ## - NÚMERO DE CONTROL DEL SISTEMA

  • Número de control del sistema: UPN10000018037

040 ## - FUENTE DE LA CATALOGACIÓN

  • Lengua de catalogación: spa
  • Centro catalogador de origen: MX-MxUPN

150 ## - ENCABEZAMIENTO - TEMÁTICO

  • Término de materia o nombre geográfico como elemento inicial: Estudiantes
  • Subdivisión de materia general: Actividad política
  • Subdivisión geográfica: México

450 ## - VÉASE - MATERIA

  • Encabezamiento temático: Estudiantes -
  • Subdivisión geográfica: México -
  • Subdivisión temática general: Actividad política

670 ## - FUENTE EN LA QUE SE LOCALIZARON DATOS

  • Cita de la fuente: LC/P
  • Información localizada: Students - Political activity - Mexico

902 ## - CATALOGADOR

  • Catalogador: MCM/110511